000 00446nam a2200181Ia 4500
001 15562
005 20260306170205.0
008 260306t2013||||xx |||||||||||||| ||und||
041 _aESP
082 _a547
_bG22
100 _aGarcía, Joaquín Isac
_eAUT
245 0 _aTratado de química orgánica experimental
260 _c2013
300 _aviii, 433 páginas :
_c26 cm.
650 _aGEN
654 _aCCN
942 _cLIB
_dJUS
_fJUS
_2ddc
_n
999 _c15562
_d15562